000 01063nam a2200217 cc4500
001 000030286
003 RuMoIPM
005 20260413132001.0
008 230210s1934 ru ||||||| |||| ||rus d
035 _a(RuMoBEN) 002096730
035 _a(ELAR retro) [2022] 000090430
040 _aRuMoBEN
_brus
_ercr
041 0 _arus
_hger
080 _a514
245 1 0 _aТ. 2 : Геометрия
_cФ. Клейн ; [в обр. Е. Геллингера с добавл. Фр. Зейфарта]
260 _c1934
300 _a444 с.
_bил.
500 _aПер. изд.: Elementarmathematk vom höheren Standpunkte aus Ausgearbeitet von E. Hellinger. Bd. 2 / Felix Klein. - 3. Aufl. Berlin : Springer, 1925
773 _w000030285
_aКлейн, Феликс
_tЭлементарная математика с точки зрения высшей: Лекции, читанные в Геттингенском университете
_b2-е изд., доп. по 3 нем. изд.
_dМосква | Ленинград: Гостехтеоретиздат
942 _cBK
999 _c30286
_d30286